000 00687nam a2200229Ia 4500
003 OSt
005 20220923230803.0
006 a|||||r|||| 00| 0
007 ta
008 Pun
024 _a305,526
037 _cTextual
040 _aARTS
_cARTS
_bPun
041 _2Pun
_aPun
082 _aQ8441:21:g, 153N2
100 _aਤਲਵਾੜਾ, ਜੋਗਿੰਦਰ ਸਿੰਘ
245 0 _aਸ੍ਰੀ ਗੁਰੂ ਗ੍ਰੰਥ ਸਾਹਿਬ ਬੋਧ
_b ਬਾਣੀ ਬਿਉਰਾ
260 _c1992
650 _aਧਰਮ
942 _hQ8441:21:g, 153N2
_cTEXL
_2CC
999 _c387318
_d387318